| 000 | 00898cam a22002651 4500 | ||
|---|---|---|---|
| 001 | gs 05000323 | ||
| 003 | DLC | ||
| 005 | 20260227111301.0 | ||
| 008 | 760510s1890 txua s000 0 eng | ||
| 010 | _ags 05000323 | ||
| 035 | _a(OCoLC)2167857 | ||
| 040 |
_aDLC _cGAT _dOCoLC _dDLC |
||
| 042 | _apremarc | ||
| 050 | 0 | 0 |
_aQE167 _b.P5 |
| 100 | 1 |
_aPenrose, Richard Alexander Fullerton, _d1863- |
|
| 245 | 1 | 2 |
_aA preliminary report on the geology of the Gulf Tertiary of Texas from Red River to the Rio Grande. _cBy R. A. F. Penrose, jr. |
| 260 |
_aAustin, _bState Printing Office, _c1890. |
||
| 300 |
_a101 p. _billus. _c25 cm. |
||
| 500 | _aCover-title. | ||
| 500 | _aAt head of title: Geological Survey of Texas. | ||
| 500 | _a"From First Annual report, l889." | ||
| 650 | 0 |
_aGeology _zTexas. |
|
| 650 | 0 |
_aGeology, Stratigraphic _yTertiary. |
|
| 650 | 0 |
_aMines and mineral resources _zTexas. |
|
| 999 |
_c24207 _d24207 |
||